00870pam a2200277 a 4500001000700000003000400007005001700011008004100028010001700069020002500086040001800111050002500129082002400154100002400178245006500202260004700267300003400314440002800348504005400376521002100430526001500451541000600466562000600472650002900478856008500507615020OSt20140310182717.0920504s1992 inua b 000 0 eng  a 92017188  a0940279436 :c$14.95 aDLCcDLCdDLC00aGV 464.5b.F295 199700aM 796.44 bF32 19921 aFeeney, Rik,d1958-10aGymnastics :ba guide for parents and athletes cFeeney, Rik aIllinois, U.S.A. :bMasters Press,cc1997. axvii, 171 p. bill. ;c26 cm. 0aSpalding sports library aIncludes bibliographical references (p. 169-170). aCollege Students c120L-1700L j1 e1 0aGymnastics for children.423Publisher descriptionuhttp://www.loc.gov/catdir/description/mh041/92017188.html